000
00249nam a2200097Ia 4500
008
120527s9999 xx 000 0 und d
100
_a
Clemson, W. etal.
245
_a
Primary science : teachers Book year 4.
260
_b
Stanlay Thomas.
942
_c
BK
999
_c
15121
_d
15121